|
|
|
|
| LEADER |
01308nam a2200289 a 4500 |
| 001 |
2086473 |
| 008 |
9090816s1996 enka b 001 0 eng d |
| 010 |
|
|
|a \\\95009959
|
| 020 |
|
|
|a 0521551277
|
| 020 |
|
|
|a 0521559049 (pbk.)
|
| 040 |
|
|
|a DLC
|c DLC
|d DLC
|
| 082 |
0 |
0 |
|a 418/.007
|2 20
|
| 245 |
0 |
0 |
|a Voices from the language classroom :
|b qualitative research in second language education /
|c edited by Kathleen M. Bailey, David Nunan.
|
| 260 |
|
|
|a Cambridge [England] ;
|a New York :
|b Cambridge University Press,
|c 1996.
|
| 300 |
|
|
|a xiv, 466 p. :
|b ill. ;
|c 23 cm.
|
| 490 |
0 |
|
|a Cambridge language teaching library
|
| 504 |
|
|
|a Includes bibliographical references and index.
|
| 541 |
1 |
|
|e 00013389
|
| 650 |
|
0 |
|a Language and languages
|x Study and teaching.
|
| 650 |
|
0 |
|a Qualitative research.
|
| 700 |
1 |
|
|a Bailey, Kathleen M.
|
| 700 |
1 |
|
|a Nunan, David.
|
| 852 |
4 |
|
|a Ayesha Abed Library
|j General shelf
|
| 942 |
0 |
0 |
|0 1
|
| 999 |
|
|
|c 3652
|d 3652
|
| 952 |
|
|
|0 0
|1 0
|2 ddc
|4 0
|6 418_007000000000000_VOI
|7 0
|9 3314
|a BRACUL
|b BRACUL
|c GEN
|d 2009-09-03
|g 2624.00
|l 8
|m 44
|o 418.007 VOI
|p 3010013389
|r 2018-04-12
|s 2017-09-23
|t 1
|w 2009-09-03
|y BK
|
| 952 |
|
|
|0 0
|1 0
|2 ddc
|4 0
|6 418_007000000000000_VOI
|7 0
|9 21009
|a BRACUL
|b BRACUL
|c GEN
|d 2012-08-08
|e Riza Enterprise
|g 3130.00
|l 3
|m 3
|o 418.007 VOI
|p 3010025880
|r 2018-10-20
|s 2018-10-18
|t 2
|w 2012-08-08
|y BK
|